[Event "Deizisau 2012"]
[Date "2012.04.08"]
[Round "7.15"]
[Board "15"]
[White "Heimann, Andreas"]
[Black "Bellahcene, Bilel"]
[Result "1-0"]
[WhiteClock "00:53:00"]
[BlackClock "00:17:53"]
[WhiteElo "2480"]
[BlackElo "2321"]
[PlyCount "119"]

1. e4 e5 2. Nf3 Nc6 3. Bc4 Nf6 4. Ng5 d5 5. exd5 Na5 6. Bb5+ c6 
7. dxc6 bxc6 8. Bd3 h6 9. Ne4 Nd5 10. O-O Be7 11. Ng3 g6 12. Re1 Bf6 
13. Bf1 Ne7 14. b3 Bg7 15. Bb2 O-O 16. Na3 Qd6 17. Nc4 Nxc4 18. Bxc4 Bf5 
19. Qe2 Rae8 20. Bxe5 Bxe5 21. Qxe5 Qxd2 22. Re2 Qd7 23. Rae1 Nd5 24. Qxe8 Rxe8 
25. Rxe8+ Kg7 26. Bxd5 cxd5 27. R8e7 Qc8 28. Nxf5+ Qxf5 29. R1e2 a5 30. R7e3 a4 
31. bxa4 Qf4 32. g3 Qxa4 33. a3 g5 34. h3 Kg6 35. Rd3 f6 36. Kh2 h5 
37. Red2 Qa5 38. Re2 Qa4 39. Red2 Qa5 40. Rxd5 Qxa3 41. R5d4 Qc3 42. R4d3 Qc4 
43. Re3 h4 44. g4 Qc7+ 45. Kg2 Qc6+ 46. Rf3 Kg7 47. Rd4 Kf7 48. c3 Kg7 
49. c4 Kg6 50. Rd5 Qxc4 51. Rd6 Qe4 52. Rdxf6+ Kg7 53. R6f5 Kg6 54. Kh2 Qd4 
55. Rf6+ Kg7 56. Rf7+ Kg8 57. R7f5 Qd6+ 58. Kg2 Qd2 59. Re3 Qd8 60. Kh2 1-0

[Event "Deizisau 2012"]
[Date "2012.04.09"]
[Round "8.2"]
[Board "2"]
[White "Perunovic, Milos"]
[Black "Istratescu, Andrei"]
[Result "0-1"]
[WhiteClock "02:00:00"]
[BlackClock "00:12:31"]
[WhiteElo "2582"]
[BlackElo "2633"]
[PlyCount "74"]

1. e4 e6 2. d4 d5 3. Nc3 Bb4 4. Bd3 c5 5. exd5 Qxd5 6. Bd2 Bxc3 
7. Bxc3 cxd4 8. Bxd4 Qxg2 9. Qf3 Qxf3 10. Nxf3 f6 11. Rg1 Kf7 12. O-O-O Nc6 
13. Bc4 Nge7 14. Bc3 a6 15. Nd4 Nxd4 16. Bxd4 b5 17. Bb3 Nd5 18. Bxd5 exd5 
19. Rge1 Bg4 20. Rd3 Rhe8 21. Rde3 Re6 22. Kd2 Rc8 23. b3 Re4 24. Rxe4 dxe4 
25. Rxe4 Bf5 26. Re2 Rxc2+ 27. Ke3 Rc1 28. f3 g5 29. Kf2 h5 30. Re1 Rc6 
31. Bb2 h4 32. Re2 a5 33. Re1 a4 34. bxa4 bxa4 35. Rc1 Rd6 36. Ke3 Re6+ 
37. Kd2 Bh3 0-1

[Event "Deizisau 2012"]
[Date "2012.04.09"]
[Round "8.6"]
[Board "6"]
[White "Erdos, Viktor"]
[Black "Heimann, Andreas"]
[Result "1/2-1/2"]
[WhiteClock "00:25:00"]
[BlackClock "02:00:00"]
[WhiteElo "2631"]
[BlackElo "2480"]
[PlyCount "49"]

1. g3 c5 2. Bg2 Nc6 3. c4 g6 4. Nc3 Bg7 5. Nf3 e5 6. O-O Nge7 
7. a3 O-O 8. Rb1 a5 9. Ne1 d6 10. Nc2 Be6 11. Ne3 Rb8 12. d3 h6 
13. Ned5 Bd7 14. Bd2 Nxd5 15. cxd5 Nd4 16. e3 Nb5 17. Ne2 a4 18. f4 Ra8 
19. Qc2 Qe7 20. Rf2 Kh7 21. Rbf1 f5 22. fxe5 dxe5 23. e4 fxe4 24. Bxe4 Bh3 
25. Rxf8 1/2-1/2

[Event "Deizisau 2012"]
[Date "2012.04.09"]
[Round "8.7"]
[Board "7"]
[White "Edouard, Romain"]
[Black "Skembris, Spyridon"]
[Result "1-0"]
[WhiteClock "02:00:00"]
[BlackClock "00:00:00"]
[WhiteElo "2607"]
[BlackElo "2466"]
[PlyCount "78"]

1. d4 d5 2. c4 c6 3. Nf3 Nf6 4. Nc3 g6 5. cxd5 cxd5 6. Bf4 Nc6 
7. h3 Bg7 8. e3 O-O 9. Bd3 Qb6 10. Qe2 Nb4 11. Bb1 Qa6 12. Qxa6 Nxa6 
13. g4 Rd8 14. Ke2 Bd7 15. a3 h5 16. g5 Ne8 17. Bd3 Nac7 18. Rac1 Rac8 
19. Ne5 Bxe5 20. Bxe5 Kf8 21. h4 a6 22. f3 Bc6 23. a4 Ne6 24. b4 N8g7 
25. Kd2 Nf5 26. Bxf5 gxf5 27. Ne2 Bxa4 28. Ng3 Bd7 29. Nxh5 Rxc1 30. Kxc1 Rc8+ 
31. Kb2 Rc4 32. Kb3 Be8 33. Ng3 f4 34. Nf5 a5 35. h5 Rxb4+ 36. Kc3 Rc4+ 
37. Kd2 Nxg5 38. Bxf4 Bd7 39. Nh4 Ne6 1-0

[Event "Deizisau 2012"]
[Date "2012.04.09"]
[Round "8.8"]
[Board "8"]
[White "Rapport, Richard"]
[Black "Maiwald, Jens-Uwe"]
[Result "1-0"]
[WhiteClock "00:45:00"]
[BlackClock "02:00:00"]
[WhiteElo "2559"]
[BlackElo "2462"]
[PlyCount "79"]

1. c4 g6 2. d4 Bg7 3. Nc3 d6 4. e4 e5 5. d5 Nd7 6. Be2 h5 
7. h4 Bh6 8. g3 a5 9. Nf3 Nc5 10. b3 Bd7 11. Rb1 Kf8 12. Bxh6+ Nxh6 
13. a3 Kg7 14. b4 axb4 15. axb4 Na4 16. Qd3 Nxc3 17. Qxc3 Qe7 18. c5 Bg4 
19. Nd2 Bxe2 20. Kxe2 f5 21. Rhc1 Rhd8 22. Nf3 Nf7 23. Qe3 Ra2+ 24. Kf1 fxe4 
25. Qxe4 Qd7 26. Kg1 Kf6 27. c6 bxc6 28. Rxc6 Rb8 29. Qc4 Ra7 30. Qc3 Qf5 
31. Re1 Rba8 32. Nd2 Ra3 33. Qc4 Qd3 34. Ne4+ Kg7 35. Qxd3 Rxd3 36. Rxc7 Kf8 
37. Re3 Rxe3 38. fxe3 Ra4 39. Rb7 Ra2 40. b5 1-0

[Event "Deizisau 2012"]
[Date "2012.04.09"]
[Round "8.11"]
[Board "11"]
[White "Baramidze, David"]
[Black "Grandadam, Nicolas"]
[Result "1-0"]
[WhiteClock "00:24:00"]
[BlackClock "02:00:00"]
[WhiteElo "2612"]
[BlackElo "2361"]
[PlyCount "63"]

1. Nf3 d5 2. d4 Nf6 3. c4 e6 4. Nc3 Bb4 5. cxd5 exd5 6. Bg5 Nbd7 
7. Rc1 c6 8. a3 Bd6 9. e3 Nf8 10. Qa4 Bd7 11. Ne5 Qe7 12. Nxd7 N8xd7 
13. Bd3 Qe6 14. Qb3 Rb8 15. Bh4 Qg4 16. Bg3 Bxg3 17. hxg3 O-O 18. Qa4 a6 
19. Qd1 Qe6 20. g4 g6 21. g5 Ne8 22. Qf3 f6 23. Rxh7 Kxh7 24. Qh5+ Kg8 
25. Qxg6+ Ng7 26. Qh7+ Kf7 27. g6+ Ke8 28. Qxg7 Rg8 29. Qh7 Nf8 30. Qc7 Nd7 
31. Ne2 Ke7 32. Ng3 1-0

[Event "Deizisau 2012"]
[Date "2012.04.09"]
[Round "8.12"]
[Board "12"]
[White "Deglmann, Ludwig"]
[Black "Sanikidze, Tornike"]
[Result "0-1"]
[WhiteClock "02:00:00"]
[BlackClock "00:25:00"]
[WhiteElo "2312"]
[BlackElo "2549"]
[PlyCount "80"]

1. c4 e6 2. Nf3 Nf6 3. g3 d5 4. Bg2 Be7 5. O-O O-O 6. b3 b6 
7. Bb2 Bb7 8. e3 c5 9. Nc3 dxc4 10. bxc4 Nc6 11. Qe2 Rc8 12. d3 Qd7 
13. h3 Rfd8 14. Rad1 Qc7 15. g4 Ne8 16. g5 Nd6 17. Ba1 Nf5 18. a3 Rd7 
19. Ne4 Bf8 20. h4 a6 21. h5 h6 22. Nh2 hxg5 23. Ng4 Be7 24. h6 e5 
25. hxg7 Kxg7 26. f4 gxf4 27. Rxf4 Ncd4 28. exd4 exf4 29. dxc5+ Nd4 30. Qf2 bxc5 
31. Nc3 f3 32. Qe3 fxg2 33. Qh6+ Kg8 34. Nd5 Rxd5 35. cxd5 Bxd5 36. Bxd4 cxd4 
37. Re1 Be6 38. Ne5 Qc3 39. Rd1 Rc5 40. Ng6 Bf6 0-1

[Event "Deizisau 2012"]
[Date "2012.04.09"]
[Round "8.13"]
[Board "13"]
[White "Farago, Ivan"]
[Black "Pijpers, Arthur"]
[Result "1-0"]
[WhiteClock "00:40:00"]
[BlackClock "02:00:00"]
[WhiteElo "2500"]
[BlackElo "2338"]
[PlyCount "85"]

1. d4 Nf6 2. c4 c5 3. d5 b5 4. cxb5 a6 5. e3 axb5 6. Bxb5 Qa5+ 
7. Nc3 Bb7 8. Bd2 Qb6 9. a4 Nxd5 10. Nf3 Nxc3 11. Bxc3 Ba6 12. O-O Bxb5 
13. Qb3 e6 14. axb5 Rxa1 15. Rxa1 f6 16. Nd2 d5 17. Qa4 Bd6 18. Qa7 Qxa7 
19. Rxa7 O-O 20. Nb3 e5 21. Na5 c4 22. Kf1 Rc8 23. b6 Re8 24. Nb7 Bf8 
25. Ra5 Re7 26. Nd8 Rd7 27. Ne6 Be7 28. Nc7 d4 29. exd4 exd4 30. Ra8 Rd8 
31. Bxd4 Nc6 32. b7 Kf7 33. Rxd8 Bxd8 34. Na6 Ke6 35. Nb4 Nb8 36. Ba7 Nd7 
37. Na6 Kd5 38. Nc5 Kc6 39. Nxd7 Kd5 40. Nc5 Kc6 41. Nd7 Kxb7 42. Nc5+ Kc6 
43. Nd7 1-0

[Event "Deizisau 2012"]
[Date "2012.04.09"]
[Round "8.14"]
[Board "14"]
[White "Swinkels, Robin"]
[Black "Strunski, Andreas"]
[Result "1/2-1/2"]
[WhiteClock "02:00:00"]
[BlackClock "00:19:23"]
[WhiteElo "2494"]
[BlackElo "2328"]
[PlyCount "64"]

1. c4 Nf6 2. g3 c6 3. Bg2 d5 4. Nf3 g6 5. b3 Bg7 6. Bb2 O-O 
7. O-O a5 8. d3 Nbd7 9. Nc3 Re8 10. Rc1 Nf8 11. cxd5 Nxd5 12. Nd2 Be6 
13. Nc4 Nxc3 14. Bxc3 Bxc3 15. Rxc3 Bd5 16. Bxd5 cxd5 17. Na3 Qd7 18. Qd2 Ne6 
19. Rfc1 b5 20. Rc6 Nd4 21. R6c5 b4 22. Nb1 Qe6 23. Kf1 Qh3+ 24. Kg1 Qe6 
25. Kf1 Qh3+ 26. Kg1 Qh5 27. f3 Qe5 28. Kf2 Ne6 29. Rb5 Reb8 30. Rxb8+ Rxb8 
31. Qe3 Qb2 32. Qd2 Qd4+ 1/2-1/2

[Event "Deizisau 2012"]
[Date "2012.04.09"]
[Round "9.2"]
[Board "2"]
[White "Solodovnichenko, Yuri"]
[Black "Rapport, Richard"]
[Result "1/2-1/2"]
[WhiteClock "00:36:00"]
[BlackClock "00:23:00"]
[WhiteElo "2615"]
[BlackElo "2559"]
[PlyCount "120"]

1. e4 e5 2. Nf3 Nc6 3. Bb5 a6 4. Ba4 Nf6 5. O-O Be7 6. Re1 b5 
7. Bb3 d6 8. c3 O-O 9. h3 Na5 10. Bc2 c5 11. d4 Bb7 12. d5 Nc4 
13. a4 Nb6 14. Qe2 Nxa4 15. Bxa4 bxa4 16. c4 Qc7 17. Nc3 Rfb8 18. Be3 Bc8 
19. Rxa4 Rb4 20. Rxb4 cxb4 21. Na4 Bd7 22. Nb6 Rb8 23. Nxd7 Nxd7 24. Ra1 a5 
25. Nd2 Ra8 26. Ra4 h6 27. Nf3 Bd8 28. b3 Qc8 29. Ne1 Bb6 30. Nd3 Bxe3 
31. Qxe3 Qc7 32. Ra1 Rc8 33. g3 Qd8 34. Kh2 Nc5 35. Nxc5 Rxc5 36. f4 Qf6 
37. Ra2 Kh7 38. Kg2 Kg8 39. f5 Qe7 40. Kf3 Qd7 41. Qd3 Kf8 42. h4 Qd8 
43. Kg2 Ke8 44. Qd1 Kd7 45. Qh5 Qf8 46. g4 Kc7 47. g5 hxg5 48. Qxg5 Kb6 
49. Kh3 f6 50. Qg1 Ka6 51. Rg2 Rc7 52. Qa1 Qf7 53. Rg6 Qd7 54. h5 a4 
55. h6 gxh6 56. Rxf6 Ka5 57. Rf8 a3 58. Qg1 Rc8 59. Rf6 Qc7 60. Rg6 Qc5 
1/2-1/2

[Event "Deizisau 2012"]
[Date "2012.04.09"]
[Round "9.4"]
[Board "4"]
[White "Edouard, Romain"]
[Black "Petr, Martin"]
[Result "1/2-1/2"]
[WhiteClock "00:36:00"]
[BlackClock "00:17:37"]
[WhiteElo "2607"]
[BlackElo "2522"]
[PlyCount "47"]

1. d4 Nf6 2. c4 g6 3. f3 d5 4. cxd5 Nxd5 5. e4 Nb6 6. Nc3 Bg7 
7. Be3 O-O 8. f4 Nc6 9. d5 Nb8 10. a4 c6 11. a5 N6d7 12. e5 cxd5 
13. Qxd5 Nc6 14. Nf3 e6 15. Qa2 f6 16. Bc4 Qe7 17. O-O fxe5 18. Ng5 Nc5 
19. fxe5 Nxe5 20. Kh1 Rxf1+ 21. Rxf1 h6 22. Bxc5 Qxc5 23. Bxe6+ Bxe6 24. Nxe6 1/2-1/2

[Event "Deizisau 2012"]
[Date "2012.04.09"]
[Round "9.5"]
[Board "5"]
[White "Erdos, Viktor"]
[Black "Jaeschke, Benno"]
[Result "1-0"]
[WhiteClock "00:12:48"]
[BlackClock "00:03:20"]
[WhiteElo "2631"]
[BlackElo "2224"]
[PlyCount "111"]

1. d4 Nf6 2. c4 e6 3. g3 Bb4+ 4. Bd2 Bxd2+ 5. Qxd2 d5 6. Bg2 c6 
7. Nf3 Nbd7 8. O-O Ne4 9. Qc2 O-O 10. Nbd2 f5 11. Rac1 Qf6 12. e3 g5 
13. Ne1 Qh6 14. Nd3 Ndf6 15. Nf3 Bd7 16. Nfe5 Rad8 17. b4 Bc8 18. a4 a6 
19. Qb2 dxc4 20. Rxc4 Nd6 21. Rcc1 Nd5 22. Rfe1 Qg7 23. Kh1 h5 24. Nc5 Nf6 
25. Qa2 Nd5 26. Qb3 Rf6 27. f3 g4 28. fxg4 hxg4 29. e4 Ne7 30. Rcd1 Rh6 
31. Kg1 Qh7 32. exf5 Qxf5 33. Qe3 Kg7 34. Qe2 Nd5 35. Nxg4 Nc3 36. Qe3 Qxg4 
37. Qxc3 Nf5 38. Rd2 Kg8 39. Be4 Qg7 40. Bxf5 exf5 41. Rde2 Rf6 42. Re7 Rf7 
43. Rxf7 Kxf7 44. Rd1 b6 45. Nd3 Kg8 46. Nf4 Kh7 47. a5 bxa5 48. bxa5 Qa7 
49. Qxc6 Qg7 50. d5 Bb7 51. Qb6 Rd7 52. Qe6 Rf7 53. Qe2 Qc3 54. Ne6 Kg8 
55. Qd2 Qf3 56. Ng5 1-0

[Event "Deizisau 2012"]
[Date "2012.04.09"]
[Round "9.9"]
[Board "9"]
[White "Sanikidze, Tornike"]
[Black "Bluebaum, Matthias"]
[Result "1-0"]
[WhiteClock "00:02:43"]
[BlackClock "00:02:17"]
[WhiteElo "2549"]
[BlackElo "2407"]
[PlyCount "75"]

1. d4 d5 2. Nf3 Nf6 3. c4 c6 4. Nc3 dxc4 5. e3 b5 6. a4 b4 
7. Nb1 Ba6 8. Be2 e6 9. O-O Be7 10. Nbd2 c3 11. bxc3 bxc3 12. Nb1 Qa5 
13. Ba3 Bxa3 14. Rxa3 O-O 15. Bxa6 Nxa6 16. Rxc3 c5 17. Rc4 cxd4 18. Nxd4 Nc5 
19. Qc2 Nce4 20. f3 Nd6 21. Rc5 Qb6 22. a5 Qb7 23. e4 Rac8 24. Nc6 Kh8 
25. Na3 Nd7 26. Rc3 Nb8 27. Rb1 Qc7 28. Rxb8 Rxb8 29. Nxb8 Qxb8 30. Rb3 Qd8 
31. Qc5 Kg8 32. Rb1 Nc8 33. h3 Qd3 34. Rb7 g6 35. Nc4 Qd1+ 36. Kh2 Qc1 
37. Rc7 Qf4+ 38. Kg1 1-0

[Event "Deizisau 2012"]
[Date "2012.04.09"]
[Round "9.11"]
[Board "11"]
[White "Milanovic, Danilo"]
[Black "Lammers, Markus"]
[Result "1-0"]
[WhiteClock "00:30:00"]
[BlackClock "00:00:16"]
[WhiteElo "2520"]
[BlackElo "2384"]
[PlyCount "80"]

1. d4 Nf6 2. c4 e6 3. Nc3 c5 4. d5 exd5 5. cxd5 d6 6. e4 g6 
7. f4 Bg7 8. Bb5+ Nfd7 9. a4 Qh4+ 10. g3 Qd8 11. Nf3 O-O 12. O-O a6 
13. Bd3 Nf6 14. Kg2 Bg4 15. h3 Bxf3+ 16. Qxf3 Nbd7 17. Re1 Re8 18. Bd2 Rc8 
19. b3 Nb6 20. Bf1 Nfd7 21. a5 Na8 22. Bc4 Rb8 23. Re2 Nc7 24. Rf1 b5 
25. axb6 Rxb6 26. Na4 Rb8 27. e5 dxe5 28. d6 Ne6 29. fxe5 Nxe5 30. Qd5 Nxc4 
31. bxc4 Nf4+ 32. Bxf4 Rxe2+ 33. Kf3 Qe8 34. Nxc5 Rc2 35. Be3 Bh6 36. Ne4 Bg7 
37. d7 Qe7 38. Rd1 Bf6 39. c5 Kg7 40. Bf4 Ra8 1-0

[Event "Deizisau 2012"]
[Date "2012.04.09"]
[Round "9.12"]
[Board "12"]
[White "Philippe, Christophe"]
[Black "Farago, Ivan"]
[Result "1/2-1/2"]
[WhiteClock "00:29:00"]
[BlackClock "00:26:00"]
[WhiteElo "2416"]
[BlackElo "2500"]
[PlyCount "73"]

1. e4 e6 2. d4 d5 3. Nc3 Bb4 4. Bd3 dxe4 5. Bxe4 c5 6. a3 Bxc3+ 
7. bxc3 Nf6 8. Bd3 Qc7 9. Nf3 Nbd7 10. c4 b6 11. O-O cxd4 12. Nxd4 Bb7 
13. Re1 O-O 14. Bb2 Qf4 15. Qe2 Nc5 16. Rad1 Rad8 17. Nb3 Rxd3 18. Rxd3 Nxd3 
19. cxd3 Qg5 20. f3 Rd8 21. Nd2 Nh5 22. Be5 Nf4 23. Bxf4 Qxf4 24. Ne4 Qe5 
25. Nf2 Qc5 26. Qe5 Qxe5 27. Rxe5 Kf8 28. Kf1 Ke7 29. Ke2 Bc6 30. Kd2 f6 
31. Re1 Rd4 32. Kc3 e5 33. Ra1 Kd6 34. Re1 Ke7 35. a4 Bxa4 36. Ra1 b5 
37. cxb5 1/2-1/2

[Event "Deizisau 2012"]
[Date "2012.04.09"]
[Round "9.13"]
[Board "13"]
[White "Bosch, Jeroen"]
[Black "Shishkin, Vadim"]
[Result "0-1"]
[WhiteClock "00:38:00"]
[BlackClock "00:00:05"]
[WhiteElo "2386"]
[BlackElo "2464"]
[PlyCount "79"]

1. d4 Nf6 2. c4 g6 3. Nc3 d5 4. Bg5 Ne4 5. h4 Bg7 6. cxd5 Nxc3 
7. bxc3 Qxd5 8. e3 Qa5 9. Qd2 Nd7 10. e4 Nc5 11. Bd3 Nb3 12. axb3 Qxa1+ 
13. Ke2 Be6 14. Bc2 Qb2 15. b4 Bb3 16. Bd3 Qxd2+ 17. Bxd2 a5 18. bxa5 Rxa5 
19. Nf3 Be6 20. Bf4 c6 21. Ng5 Bc8 22. Bc4 O-O 23. h5 gxh5 24. f3 h6 
25. Nh3 c5 26. Bd2 b5 27. Bb3 Ra3 28. Rb1 b4 29. cxb4 Ba6+ 30. Kd1 Bd3 
31. Bc2 Bxc2+ 32. Kxc2 cxd4 33. Nf4 Rc8+ 34. Kd1 Ra2 35. b5 Rcc2 36. Bc1 Be5 
37. Nd3 Rxg2 38. Bb2 Bf4 39. Nxf4 Rgxb2 40. Ke1 0-1

[Event "Deizisau 2012"]
[Date "2012.04.09"]
[Round "9.14"]
[Board "14"]
[White "Heimann, Andreas"]
[Black "Moor, Olivier"]
[Result "1/2-1/2"]
[WhiteClock "00:05:55"]
[BlackClock "00:02:44"]
[WhiteElo "2480"]
[BlackElo "2378"]
[PlyCount "68"]

1. e4 e5 2. Nf3 Nc6 3. Bc4 Bc5 4. c3 Nf6 5. d4 exd4 6. cxd4 Bb4+ 
7. Bd2 Bxd2+ 8. Nbxd2 d5 9. exd5 Nxd5 10. O-O O-O 11. Rc1 Nf6 12. Qa4 Ne7 
13. Ne5 Ned5 14. Qb3 c6 15. Qf3 Nb6 16. Ne4 Nxc4 17. Nxf6+ Qxf6 18. Qxf6 gxf6 
19. Nxc4 Be6 20. a3 Rfd8 21. Rfd1 Rd7 22. Na5 Kf8 23. f3 Re8 24. Kf2 Rde7 
25. Rd2 Bd5 26. Rc3 Rd8 27. Nc4 Bxc4 28. Rxc4 Rd5 29. Rc5 Rd6 30. Rc3 Red7 
31. Ke3 Rd5 32. Rc5 R5d6 33. Rc3 Ke7 34. Rc5 Kf8 1/2-1/2

[Event "Deizisau 2012"]
[Date "2012.04.09"]
[Round "9.15"]
[Board "15"]
[White "Bok, Benjamin"]
[Black "Rosner, Jonas"]
[Result "1-0"]
[WhiteClock "00:05:01"]
[BlackClock "00:06:24"]
[WhiteElo "2502"]
[BlackElo "2285"]
[PlyCount "107"]

1. e4 c6 2. d4 d5 3. e5 Bf5 4. Nf3 e6 5. Be2 c5 6. Be3 cxd4 
7. Nxd4 Ne7 8. Nd2 Nbc6 9. N2f3 Be4 10. O-O Ng6 11. Bb5 Qc7 12. Ng5 Ngxe5 
13. Nxe4 dxe4 14. Qh5 g6 15. Qh4 Bg7 16. Qxe4 O-O 17. Nxc6 Nxc6 18. c3 Rad8 
19. Rad1 a6 20. Be2 e5 21. Bc4 Kh8 22. Bb3 b5 23. Rxd8 Rxd8 24. Rd1 Rxd1+ 
25. Bxd1 Bf8 26. Bf3 Nd8 27. Qa8 Qd6 28. Qd5 Qc7 29. g3 Kg7 30. Kg2 Be7 
31. Qa8 Qd6 32. Qa7 Ne6 33. b4 Bd8 34. Bb7 Nc7 35. Qc5 Qe6 36. Bh6+ Kf6 
37. h4 Qd7 38. Bg5+ Kg7 39. Bxd8 Qxd8 40. Qxe5+ Kg8 41. Qc5 h5 42. Bf3 Qd7 
43. Qc6 Qe7 44. Bd1 Kg7 45. Bb3 Qe5 46. Qd7 Qxc3 47. Qxf7+ Kh6 48. Qf8+ Qg7 
49. Qxg7+ Kxg7 50. Kf3 Kf6 51. Ke4 Ke7 52. Ke5 Ne8 53. Bc2 Kf7 54. f3 1-0